Selections from Muhammadan Traditions (Record no. 1887)

MARC details
000 -LEADER
fixed length control field 00622nam a2200241 a 4500
020 ## - INTERNATIONAL STANDARD BOOK NUMBER
ISBN
082 00 - DEWEY DECIMAL CLASSIFICATION NUMBER
Classification number 297.12405
Author Cutter GOL
100 ## - MAIN ENTRY--AUTHOR NAME
Author name Goldsack, William
245 ## - TITLE STATEMENT
Title Selections from Muhammadan Traditions
Sub title Mishkatul Masabih)
260 ## - PUBLICATION, DISTRIBUTION, ETC. (IMPRINT)
Place of publication Madras
Name of publisher Christian Literature Society
Year of publication 1923
300 ## - PHYSICAL DESCRIPTION
Number of Pages 309p
500 ## - GENERAL NOTE
General note includes index and biblioraphy
505 2# - FORMATTED CONTENTS NOTE
Formatted contents note Bibliography
650 ## - SUBJECT ADDED ENTRY--TOPICAL TERM
Topical Term Hadith
942 ## - ADDED ENTRY ELEMENTS (KOHA)
Koha item type Books
700 1# -
-- Goldsack, William
Holdings
Home library Current library Date acquired Cost, normal purchase price Full call number Accession Number Koha item type
Henry Martyn Institute Library Henry Martyn Institute Library 01/30/2019 100.00 297.12405 GOL C.1 01048 Books
Henry Martyn Institute Library Henry Martyn Institute Library 01/30/2019 100.00 297.12405 GOL C.2 08431 E-Books
Henry Martyn Institute Library Henry Martyn Institute Library 01/30/2019 100.00 297.12405 GOL C.3 08553 Books
                   Copyright © 2026 | Henry Martyn Institute | Hyderabad | TS-500052 | INDIA | Implemented by hmi.edu.in
Hit-Count:

Powered by Koha